Statistics for Five Biggest Cities in Every European Country

Click here to take the quiz!

General Stats

  • This quiz has been taken 132 times
    (118 since last reset)
  • The average score is 122 of 202

Answer Stats

CountryPopulationCity% Correct
Montenegro 14kBar
99%
Spain 1.64 milBarcelona
99%
Romania 1.88 milBucharest
99%
Ukraine 2.95 milKiev
99%
Portugal 553kLisbon
99%
Spain 3.27 milMadrid
99%
Russia 12.4 milMoscow
99%
Russia 5.38 milSt. Petersburg
99%
Germany 3.64 milBerlin
98%
Belgium 182kBrussels
98%
Denmark 1.30 milCopenhagen
98%
United Kingdom 583kLiverpool
98%
United Kingdom 8.99 milLondon
98%
Luxembourg 122kLuxembourg
98%
Italy 1.38 milMilan
98%
Belarus 2.02 milMinsk
98%
Germany 1.47 milMunich
98%
France 2.19 milParis
98%
Iceland 129kReykjavík
98%
Italy 2.86 milRome
98%
Bulgaria 1.24 milSofia
98%
Austria 1.91 milVienna
98%
Poland 1.78 milWarsaw
98%
Ireland 553kDublin
96%
Germany 753kFrankfurt
96%
Monaco 39kMonaco
96%
Norway 634kOslo
96%
Portugal 238kPorto
96%
Czech Republic 1.31 milPrague
96%
Latvia 633kRiga
96%
Sweden 1.76 milStockholm
96%
Spain 794kValència
96%
Croatia 688kZagreb
96%
Netherlands 1.11 milAmsterdam
95%
Serbia 1.16 milBelgrade
95%
Switzerland 135kBern
95%
United Kingdom 1.16 milBirmingham
95%
Hungary 1.75 milBudapest
95%
Switzerland 204kGeneva
95%
Germany 1.84 milHamburg
95%
Finland 654kHelsinki
95%
France 516kLyon
95%
France 863kMarseille
95%
Italy 959kNaples
95%
Switzerland 420kZürich
95%
Andorra 19kAndorra la Vella
94%
Moldova 533kChișinău
94%
United Kingdom 623kGlasgow
94%
Albania 418kTirana
94%
Greece 4.75 milAthens
93%
Slovakia 433kBratislava
93%
Poland 771kKraków
93%
Slovenia 285kLjubljana
93%
Sweden 322kMalmö
93%
France 340kNice
93%
Netherlands 830kRotterdam
93%
Bosnia and Herzegovina 348kSarajevo
93%
North Macedonia 510kSkopje
93%
Italy 876kTurin
93%
Lithuania 551kVilnius
93%
Belgium 526kAntwerp
91%
Germany 1.08 milCologne
91%
Austria 155kSalzburg
91%
Estonia 435kTallin
91%
France 480kToulouse
91%
Ireland 126kCork
90%
Italy 663kPalermo
90%
Montenegro 151kPodgorica
90%
Sweden 651kGöteborg
89%
Kosovo 145kPristina
89%
Netherlands 804kThe Hague
89%
Greece 1.36 milThessaloniki
88%
Switzerland 173kBasel
86%
Croatia 167kSplit
86%
Norway 278kBergen
85%
Austria 132kInnsbruck
85%
Spain 689kSevilla
85%
Denmark 269kAarhus
84%
Austria 291kGraz
84%
Ukraine 1.01 milOdessa
84%
Ukraine 913kDonetsk
83%
Belgium 197kLiège
83%
Spain 675kZaragoza
83%
Czech Republic 281kBrno
79%
Belgium 262kGhent
79%
United Kingdom 577kBristol
78%
Russia 1.25 milNizhny Novgorod
78%
Switzerland 139kLausanne
76%
Romania 325kCluj-Napoca
75%
Ukraine 1.45 milKharkiv
75%
Poland 285kŁódź
75%
Netherlands 383kUtrecht
75%
Russia 1.48 milYekaterinburg
75%
Norway 191kTrondheim
74%
Netherlands 299kEindhoven
73%
Austria 207kLinz
73%
Ukraine 998kDnipro
71%
Finland 238kTampere
71%
Bulgaria 337kVarna
71%
Sweden 166kUppsala
68%
Poland 641kWrocław
68%
Serbia 232kNovi Sad
65%
Lithuania 289kKaunas
64%
Bulgaria 347kPlovdiv
63%
Norway 131kStavanger
63%
Denmark 113kAalborg
61%
Ireland 80kGalway
61%
Poland 536kPoznań
61%
Hungary 201kDebrecen
60%
Russia 1.62 milNovosibirsk
60%
Denmark 177kOdense
60%
Ireland 58kLimerick
59%
Slovenia 96kMaribor
59%
Finland 205kOulu
58%
Czech Republic 172kPlzeň
58%
Portugal 137kBraga
56%
Belgium 202kCharleroi
56%
Czech Republic 289kOstrava
56%
Slovakia 238kKošice
54%
Albania 113kDurrës
53%
Romania 319kTimișoara
51%
Bosnia and Herzegovina 135kBanja Luka
50%
Bulgaria 202kBurgas
50%
Bosnia and Herzegovina 60kMostar
50%
Romania 284kConstanța
49%
Moldova 134kTiraspol
48%
Serbia 183kNiš
46%
Finland 290kEspoo
45%
Romania 290kIași
45%
Croatia 128kRijeka
45%
Ireland 48kWaterford
45%
Croatia 71kZadar
45%
Belarus 510kGomel
44%
Estonia 94kTartu
43%
Lithuania 149kKlaipėda
38%
Croatia 84kOsijek
36%
Denmark 72kEsbjerg
34%
Luxembourg 36kEsch-sur-Alzette
34%
Norway 91kKristiansand
33%
Kosovo 49kPec
33%
Greece 783kPiraeus
33%
Hungary 161kSzeged
33%
Latvia 83kDaugavpils
31%
Belarus 357kHrodna
31%
Hungary 143kPécs
31%
Belarus 365kVitebsk
31%
Finland 234kVantaa
29%
Estonia 55kNarva
28%
Sweden 128kVästerås
28%
Iceland 19kAkureyri
26%
Slovenia 26kKoper
26%
Czech Republic 104kLiberec
25%
Slovakia 89kPrešov
24%
North Macedonia 71kBitola
23%
Albania 80kVlorë
23%
Portugal 175kAmadora
21%
Slovenia 38kCelje
21%
Latvia 69kLiepaja
21%
Hungary 155kMiskolc
21%
Estonia 40kPärnu
21%
Bosnia and Herzegovina 74kTuzla
21%
Portugal 187kVila Nova de Gaia
21%
Belarus 357kMahilou
20%
Kosovo 85kPrizren
20%
Moldova 98kBălți
19%
Albania 76kShkodër
19%
Serbia 98kSubotica
19%
Slovakia 81kŽilina
19%
North Macedonia 74kKumanovo
18%
Bulgaria 143kRuse
18%
Albania 79kElbasan
16%
Latvia 49kJurmala
16%
Andorra 16kLes Escaldes
16%
Serbia 151kKragujevac
15%
Montenegro 57kNikšić
15%
North Macedonia 57kTetovo
15%
Slovakia 78kBanská Bystrica
14%
Moldova 92kBender / Tighina
14%
Montenegro 14kCetinje
14%
Luxembourg 21kDudelange
14%
Iceland 37kKópavogur
14%
Lithuania 102kŠiauliai
14%
Bosnia and Herzegovina 71kZenica
14%
Latvia 56kJelgava
13%
Slovenia 37kKranj
13%
Kosovo 46kMitrovica
13%
North Macedonia 64kPrilep
13%
Iceland 30kHafnarfjörður
11%
Moldova 48kRibnita
11%
Luxembourg 27kDifferdange
10%
Montenegro 19kPljevlja
10%
Kosovo 54kGjilan
9%
Greece 394kKallithea
9%
Lithuania 86kPanevėžys
9%
Greece 637kPeristeri
9%
Malta 17kQormi
9%
Luxembourg 20kPétange
8%
Iceland 19kReykjanesbær
6%
Estonia 34kKohtla-Järve
5%
Malta 15kŻabbar
5%
Malta 12kŻebbuġ
5%
Malta 12kŻejtun
5%

Score Distribution

Percentile by Number Answered

Percent of People with Each Score

Your Score History

You have not taken this quiz since the last reset